| 000 | 01095nam2a2200229 4500 | ||
|---|---|---|---|
| 001 | RU\NLR\BIBL_A\012147344 | ||
| 005 | 20250623214140.0 | ||
| 035 | _a(NLR Aleph) 012147344 | ||
| 090 |
_a12129346 _c12129346 |
||
| 100 | _a20191127d1936 |||y0rusy50 ca | ||
| 101 | 0 | _a9as | |
| 102 | _aRU | ||
| 105 | _aa z 000 y | ||
| 200 | 0 |
_aS. 1 _eqә klas tlitetә d mәdrәsә d şuraja _fpuşәqә d Ş. Qilletә |
|
| 210 |
_d1936 _aБ. м. |
||
| 215 |
_a59, [1] c. _cил. |
||
| 461 | 0 |
_1001RU\NLR\BIBL_A\012147329 _12001#$aLuqaţa d ţusь u mәşqi aritmatiqәji$eqә mәdrәsә d şuraja$fN. S. Popova$vS. 1 _1700#1$aПопова$bН. С.$cпедагог-математик$f1885-1975$gНаталья Сергеевна$3RU\NLR\AUTH\770198576$4070 _912129257 _aПопова, Н.С. (1885-1975) _cМосква _d1936-1937 _easaxta trajaneta _fN. S. Popova _nУчпедгиз _oqә mәdrәsә d şuraja _tLuqaţa d ţusь u mәşqi aritmatiqәji _vS. 1 |
|
| 852 |
_aNLR _bОНЛ _jАссир./3-69 |
||
| 852 |
_aNLR _bОНЛ _jАссир./3-69 |
||
| 942 | _cBOOK | ||
| 980 | _aNB | ||